<?xml version="1.0" encoding="UTF-8"?>
<marc:record xmlns:marc="http://www.loc.gov/MARC21/slim">
   <marc:leader>00000nam a2200000 a 4500</marc:leader>
   <marc:datafield ind1="1" ind2=" " tag="100">
      <marc:subfield code="a">Zimpel, André Frank</marc:subfield>
      <marc:subfield code="4">aut</marc:subfield>
      <marc:subfield code="e">Verfasser/-in</marc:subfield>
   </marc:datafield>
   <marc:datafield ind1=" " ind2=" " tag="653">
      <marc:subfield code="a">Integrationspädagogik</marc:subfield>
   </marc:datafield>
   <marc:datafield ind1=" " ind2=" " tag="653">
      <marc:subfield code="a">Inklusive Pädagogik</marc:subfield>
   </marc:datafield>
   <marc:datafield ind1=" " ind2=" " tag="653">
      <marc:subfield code="a">Unterrichtsmethode</marc:subfield>
   </marc:datafield>
   <marc:datafield ind1=" " ind2=" " tag="653">
      <marc:subfield code="a">Softcover / Pädagogik</marc:subfield>
   </marc:datafield>
   <marc:datafield ind1="0" ind2="0" tag="245">
      <marc:subfield code="a">Einander helfen</marc:subfield>
   </marc:datafield>
   <marc:datafield ind1="0" ind2="0" tag="245">
      <marc:subfield code="b">der Weg zur inklusiven Lernkultur</marc:subfield>
   </marc:datafield>
   <marc:datafield ind1="0" ind2="0" tag="245">
      <marc:subfield code="c">André Frank Zimpel</marc:subfield>
   </marc:datafield>
   <marc:datafield ind1=" " ind2="1" tag="264">
      <marc:subfield code="a">Göttingen</marc:subfield>
      <marc:subfield code="b">Vandenhoeck &amp; Ruprecht</marc:subfield>
      <marc:subfield code="c">2012</marc:subfield>
   </marc:datafield>
   <marc:datafield ind1="1" ind2=" " tag="520">
      <marc:subfield code="a">Angaben aus der Verlagsmeldung

Einander helfen : Der Weg zur inklusiven Lernkultur / von André Frank Zimpel

Wer viel hat, dem wird gegeben; wer wenig hat, dem wird genommen. Diese Faustformel, auch Matthäus-Effekt genannt, untergräbt die Demokratie und droht unsere Gesellschaft zu spalten.
Sinnvolle Maßnahmen zielen deshalb immer auf Normalisierung: Stärkere helfen Schwächeren.
Dasselbe sollte natürlich auch für unser Bildungssystem gelten. Chancengleichheit allein genügt nicht, weil sie viele Fragen offen lässt, wie zum Beispiel: Wie stärkt man möglichst alle Lernenden im gemeinsamen Unterricht? Wie pluralisiert man die Lernwege so, dass niemand auf der Strecke bleibt? Wie vermeidet man bei möglichst allen Lernenden schwächende Frustrationserlebnisse, die als Aversionen die weitere Lernbiografie beeinträchtigen könnten?
Diesen Fragen geht das Manuskript nach und klärt sie in drei Schritten. Die Teilfragen lauten:
• Welche Faktoren stärken und welche Faktoren schwächen das Lernen nach dem aktuellen Stand der Hirnforschung?
• Welche Bedeutung haben die typisch menschlichen Fähigkeiten, Hilfe anzunehmen und zu helfen, für die geistige Entwicklung von Kindern?
• Wie kann gemeinsames Lernen in (integrativen / inklusiven) Schulen so gelingen, dass alle davon profitieren?
</marc:subfield>
   </marc:datafield>
   <marc:datafield ind1=" " ind2=" " tag="020">
      <marc:subfield code="a">9783525701430</marc:subfield>
      <marc:subfield code="9">9783525701430</marc:subfield>
   </marc:datafield>
   <marc:datafield ind1=" " ind2=" " tag="020">
      <marc:subfield code="a">3525701438</marc:subfield>
      <marc:subfield code="9">3525701438</marc:subfield>
   </marc:datafield>
   <marc:datafield ind1=" " ind2=" " tag="041">
      <marc:subfield code="a">ger</marc:subfield>
   </marc:datafield>
   <marc:datafield ind1=" " ind2=" " tag="300">
      <marc:subfield code="a">204 S.</marc:subfield>
   </marc:datafield>
</marc:record>
